Unique Ending Letter - Countries by Continent - Statistics

General Stats
  • This quiz has been taken 58 times
    39 since last reset
  • The average score is 15 of 24
Answer Stats
Continent Letter Answer % Correct
South America U Peru
90%
South America L Brazil
87%
South America R Ecuador
81%
Europe G Luxembourg
77%
Oceania D New Zealand
77%
Asia Q Iraq
74%
Europe K Denmark
71%
North America C Dominican Republic
68%
North America I Haiti
68%
Asia H Bangladesh
65%
Africa D Chad
65%
North America R El Salvador
65%
Europe L Portugal
65%
North America E Belize
58%
Asia T Kuwait
58%
Asia D Thailand
58%
Africa C Central African Republic
55%
Europe C Czech Republic
52%
Africa L Senegal
45%
Asia I Brunei
42%
Africa U Guinea-Bissau
39%
Asia Y Turkey
39%
Asia M Vietnam
39%
Asia E Singapore
32%
No matching quizzes found
Score Distribution
Percent of People with Each Score
Percentile by Number Answered
Your Score History
You have not taken this quiz since the last reset